بلوغ المرام (Record no. 553755)
[ view plain ]
| 000 -LEADER | |
|---|---|
| fixed length control field | 00533nam a22001457a 4500 |
| 082 ## - DEWEY DECIMAL CLASSIFICATION NUMBER | |
| Classification number | 297.124 |
| Author Mark | MUB |
| 100 ## - MAIN ENTRY--PERSONAL NAME | |
| Personal name | Mubarakpuri, Mulana Safiar Rehman |
| 9 (RLIN) | 51019 |
| 245 ## - TITLE STATEMENT | |
| Title | بلوغ المرام |
| Remainder of title | من أدلة الأحكام |
| Statement of responsibility, etc. | حافظ ابن حجر عسقلانی |
| 260 ## - PUBLICATION, DISTRIBUTION, ETC. | |
| Place of publication, distribution, etc. | Lahore, |
| Name of publisher, distributor, etc. | Darus Salam, |
| Date of publication, distribution, etc. | 1997. |
| 300 ## - PHYSICAL DESCRIPTION | |
| Extent | 992p. : |
| Other physical details | Vol . I & II. |
| Dimensions | 28cm. |
| 500 ## - GENERAL NOTE | |
| General note | مولانا صفی الرحمن مبارکپوری |
| 526 ## - STUDY PROGRAM INFORMATION NOTE | |
| Program name | 0 |
| Interest level | 0 |
| Reading level | 0 |
| Title point value | 297_124000000000000_MUB |
| 526 ## - STUDY PROGRAM INFORMATION NOTE | |
| Program name | 0 |
| Interest level | 0 |
| Reading level | 0 |
| Title point value | 297_124000000000000_MUB |
| 942 ## - ADDED ENTRY ELEMENTS (KOHA) | |
| Source of classification or shelving scheme | |
| Koha item type | Book |
| Withdrawn status | Lost status | Source of classification or shelving scheme | Damaged status | Not for loan | Permanent Location | Current Location | Date acquired | Total Checkouts | Full call number | Barcode | Date last seen | Price effective from | Koha item type | Public note |
|---|---|---|---|---|---|---|---|---|---|---|---|---|---|---|
| Military College of Engineering (MCE) | Military College of Engineering (MCE) | 03/06/2017 | 297.124 MUB | MCE-35111 | 03/06/2017 | 03/14/2021 | Book | جلداول | ||||||
| Military College of Engineering (MCE) | Military College of Engineering (MCE) | 03/06/2017 | 297.124 MUB | MCE-35112 | 03/06/2017 | 03/06/2017 | Book | جلد دوم |
